00521nam a2200181Ia 450000500170000000800410001704000190005804100120007708200130008910000210010224500430012326000400016630000120020650400500021865000350026865100250030385000110032820231116110259.0131103s9999 xx 000 0 und d aLoreto College aEnglish a323bGIN aGinsberg, Morris aOn Justice In SocietycMorris Ginsberg aHarmondsworthbPenguin Bookscc1965 a248 p.  aIncludes bibliographical references and index aPolitics - Political Rights -  aPolitical Science -  aLCLIB